Introduccin̤ al urbanismo: Un enfoque prc̀tico para no juristas /

Bibliographic Details
Main Author: Vicente Palencia, Jos ̌Luis
Format: eBook
Language:Spanish
Published: Madrid: Dykinson, 2014
Subjects:
Online Access:Acceso restringido

MARC

LEADER 00000nam a22000007a 4500
005 2014071705215.0
007 cr|||| ||||
008 140717s2014 es |||||s|||| 00||0 spa d
020 |a 978-84-9031-998-7 
035 |a 12325 
040 |a vLex 
090 |c 5101  |d 5101 
100 1 |a Vicente Palencia, Jos ̌Luis 
245 1 0 |a Introduccin̤ al urbanismo:  |h [Recurso electrn̤ico] :  |b Un enfoque prc̀tico para no juristas /  |c Jos ̌Luis Vicente Palencia 
256 |a Servicio en ln̕ea 
260 |a Madrid:  |b Dykinson,  |c 2014 
300 |a 1 recurso electrn̤ico 
506 1 |a Disponible solo en los productos indicados  |d vLex Global  |d vLex Global (Academic Edition, excluding Law Schools)  |d vLex Global (U.S. Academic Edition, Law Schools)  |d vLex Global (U.S. Academic Edition, excluding Law Schools)  |d vLex Global (Academic Edition, Law Schools) 
650 0 4 |a Urbanismo  |z Espaą 
740 0 |a vLex Libros (Servicio en ln̕ea) 
856 4 0 |u http://vlex.com/source/introduccion-urbanismo-12325  |z Acceso restringido 
942 |c BOOK 
999 0 |a Town Planning